Name Every Inhaler Song Quiz (2025) - Statistics

General Stats
  • This quiz has been taken 284 times
  • The average score is 35 of 48
Answer Stats
Album Song % Correct
It Won't Always Be Like This It Won't Always Be Like This
95%
Open Wide Billy (Yeah Yeah Yeah)
93%
Open Wide Open Wide
93%
It Won't Always Be Like This My Honest Face
92%
Open Wide Your House
90%
Cuts & Bruises Dublin in Ecstasy
88%
Cuts & Bruises Valentine
88%
Open Wide Eddie In The Darkness
87%
Cuts & Bruises Love Will Get You There
84%
Open Wide X-Ray
84%
Cuts & Bruises Just To Keep You Satisfied
83%
Cuts & Bruises Perfect Storm
83%
It Won't Always Be Like This Cheer Up Baby
82%
It Won't Always Be Like This Totally
82%
Open Wide A Question Of You
81%
Singles Ice Cream Sundae
81%
It Won't Always Be Like This My King Will Be Kind
81%
It Won't Always Be Like This Who's Your Money On? (Plastic House)
81%
It Won't Always Be Like This When It Breaks
80%
Open Wide Even Though
79%
It Won't Always Be Like This Slide Out The Window
79%
It Won't Always Be Like This Strange Time To Be Alive
79%
It Won't Always Be Like This A Night On The Floor
78%
Cuts & Bruises These Are The Days
76%
Open Wide Again
74%
Open Wide Concrete
74%
It Won't Always Be Like This In My Sleep
74%
Open Wide Little Things
74%
Singles Fade Into You
73%
Open Wide The Charms
73%
Cuts & Bruises The Things I Do
73%
Singles Falling In
72%
Cuts & Bruises If You're Gonna Break My Heart
72%
Open Wide Still Young
72%
Singles I Want You
71%
Cuts & Bruises Now You Got Me
70%
Cuts & Bruises When I Have Her On My Mind
69%
Open Wide All I Got Is You
67%
Singles We Have to Move On
66%
Cuts & Bruises So Far So Good
65%
Singles Your Power
62%
Singles Is She My Girl?
58%
Singles Oklahoma
58%
Unreleased You Might Get What You Want
56%
Singles There's No Other Place
47%
Singles When I'm With You
47%
Unreleased Another Like You
29%
Unreleased End Like This
15%
No matching quizzes found
Score Distribution
Percent of People with Each Score
Percentile by Number Answered
Your Score History
You have not taken this quiz